000 01105cad a22002055a 4500
001 L146735
008 090220s2009 xxkad f s 000 0 eng d
035 _a(Sirsi) u146735
041 0 _aeng
050 0 4 _a333.33 $2 18
110 2 _aGVA Grimley
_93646
245 0 0 _aOffice specifications, regional reality
_bwhat do I get for my money?
_h[electronic resource]
260 _aLondon
_bGVA Grimley
_c2009
520 _aReports that legislation and the needs of tenants and occupiers have changed dramatically in recent years. Reveals that current occupational strategies are driven by the flexibility of the modern ways of working and the creation and the creation of a less hierarchical workspace. Concludes that there is a clear trend to provide flexible office space and that most schemes are meeting the benchmark BCO (British Council for Offices) standards.
590 _aKA
651 4 _aUnited Kingdom
_y
690 _aBUILT ENVIRONMENT-SUSTAINABLE CONSTRUCTION
856 4 0 _uhttps://www.gvagrimley.co.uk/
_zView this report free of charge under research at www.gvagrimley.co.uk...
942 _n0
999 _c109273
_d109273